ALBANNN - Statistiques

Statistiques générales
  • Ce quiz a été pris 10 fois
  • Le résultat moyen est 3 sur 8
Statistiques - réponses
Hint Réponse % Correct
"mais maya, mais vous avez totalement raison" grosheny
71%
un nain hugo
57%
un mec accro a 1 taff de puff par jour julien
43%
vive les steaks de soja et les sandwich aux courgettes" manon
43%
maréchal du IIIème reich maréchal polus
43%
nympho maelle et lucas
29%
le plus gros chat que j'ai vu dans ma vie cachou
14%
"attention il y a une quinzaine de bombes nucléaires sous la mer..." polus
14%
Aucun quiz correspondant
Distribution des résultats
% des personnes avec chaque résultat
Percentile par nombre de réponses
Votre historique - résultats
Vous n’avez pas pris ce quiz